LEADER 02896oas 2201105 a 450 001 9910333120703321 005 20260106110624.0 011 $a1532-2831 035 $a(DE-599)ZDB2010900-3 035 $a(DE-599)2010900-3 035 $a(OCoLC)44893267 035 $a(CONSER) 00208398 035 $a(CKB)961066786022 035 $ahttps://learn360.infobase.com/titles/29753?aid= 035 $a(EXLCZ)99961066786022 100 $a20000828a19959999 sy a 101 0 $aeng 135 $aurmnu|||||||| 181 $ctxt$2rdacontent 182 $cc$2rdamedia 183 $acr$2rdacarrier 200 10$aRadiography 210 $a[London] $cHarcourt 311 08$a1078-8174 531 0 $aRadiography 606 $aDiagnostic imaging$vPeriodicals 606 $aRadiotherapy$vPeriodicals 606 $aCancer$xRadiotherapy$vPeriodicals 606 $aDiagnostic imaging 606 $aRadiotherapy 606 $aDiagnostic Imaging 606 $aNeoplasms 606 $aRadiotherapy 606 $aImagerie pour le diagnostic$vPe?riodiques 606 $aRadiothe?rapie$vPe?riodiques 606 $aCancer$xRadiothe?rapie$vPe?riodiques 606 $aImagerie pour le diagnostic 606 $aRadiothe?rapie 606 $aCancer$xRadiotherapy$2fast$3(OCoLC)fst00845473 606 $aDiagnostic imaging$2fast$3(OCoLC)fst00892354 606 $aRadiotherapy$2fast$3(OCoLC)fst01088351 608 $aPeriodical. 608 $aperiodicals.$2aat 608 $aPeriodicals.$2fast 608 $aPeriodicals.$2lcgft 608 $aPe?riodiques.$2rvmgf 615 0$aDiagnostic imaging 615 0$aRadiotherapy 615 0$aCancer$xRadiotherapy 615 0$aDiagnostic imaging. 615 0$aRadiotherapy. 615 2$aDiagnostic Imaging. 615 2$aNeoplasms. 615 2$aRadiotherapy. 615 6$aImagerie pour le diagnostic 615 6$aRadiothe?rapie 615 6$aCancer$xRadiothe?rapie 615 6$aImagerie pour le diagnostic. 615 6$aRadiothe?rapie. 615 7$aCancer$xRadiotherapy. 615 7$aDiagnostic imaging. 615 7$aRadiotherapy. 676 $a616 712 02$aCollege of Radiographers (Great Britain) 801 0$bCOU 801 1$bCOU 801 2$bNSD 801 2$bOCLCQ 801 2$bMUQ 801 2$bOCLCQ 801 2$bF#A 801 2$bOCLCQ 801 2$bBUF 801 2$bOCLCQ 801 2$bOPELS 801 2$bOCLCF 801 2$bOCLCQ 801 2$bNLE 801 2$bFQM 801 2$bAU@ 801 2$bOCLCO 801 2$bWYU 801 2$bUKMGB 801 2$bU3W 801 2$bOCLCO 801 2$bOCLCQ 801 2$bOCLCO 801 2$bOCLCQ 801 2$bAUD 801 2$bOCLCL 801 2$bOCLCQ 906 $aJOURNAL 912 $a9910333120703321 996 $aRadiography$91892733 997 $aUNINA